000 00933naa a2200265 c 4500
001 27862
003 ES-MaCES
005 20150925135357.0
008 950829n1995 xxk ||| | eng d
035 _aCES19980017974v
040 _aES-MaCES
_bspa
_cES-MaCES
100 1 _aMeyer, Carrie A.
_918531
245 1 0 _aOpportunism and NGOs
_b: entrepreunership and green North-South transfers
_cCarrie A. Meyer
504 _aBibliografía: p. 1287-1289
650 4 _adiálogo Norte-Sur
_929495
650 4 _aorganización sin fines de lucro
_927312
650 4 _aorganización no gubernamental
_926702
650 4 _aprotección ambiental
_929423
653 1 0 _aMedio ambiente
650 4 _928715
_amedio ambiente
773 0 _tWorld development
_gOxford. - Vol. 23, no. 8 (Aug. 1995) ; p. 1277-1289
_w(ES-MaCES)25229
902 _aART Artículo de revista
942 _2CES
_cAR
_h4.2.
999 _c27862
_d27862